Normal view
MARC view
- Muhammad Ali Uzair (NUST-2012-60712-MCES-64112-F)
Entry Personal Name
001 - CONTROL NUMBER
- control field: 116273
003 - CONTROL NUMBER IDENTIFIER
- control field: NUST
005 - DATE AND TIME OF LATEST TRANSACTION
- control field: 20230912165920.0
008 - FIXED-LENGTH DATA ELEMENTS
- fixed length control field: 230912|| aca||aabn | a|a d
040 ## - CATALOGING SOURCE
- Original cataloging agency: NUST
- Transcribing agency: NUST
100 ## - HEADING--PERSONAL NAME
- Personal name: Muhammad Ali Uzair (NUST-2012-60712-MCES-64112-F)
670 ## - SOURCE DATA FOUND
- Source citation: Work cat.: (NUST): Muhammad Ali Uzair (NUST-2012-60712-MCES-64112-F), Synthesis and characterization of catalyst for liquid fuel production from polymer waste /, 2014
